000 00394nam a22001457a 4500
008 200526b xxu||||| |||| 00| 0 eng d
020 _a9781562862985
020 _a1562862987
050 _aLC5803.C65.H78
100 _aHorton, William
245 _aLeading e-learning
260 _aLondon:
_bAmerican society for training development,
_c2001.
300 _aix, 147p.:
_bill.
942 _2lcc
_cBK
999 _c7298
_d14798